| 000 | 00687cab a2200241 4500 | ||
|---|---|---|---|
| 001 | WB3018-41 | ||
| 008 | 090401t1994 xxu||||| |||| 00| 0 eng d | ||
| 035 | _a(Sirsi) u47346 | ||
| 041 | _aeng | ||
| 245 | _aHong Kong house sales | ||
| 260 | _c1994 | ||
| 350 | _a0 | ||
| 490 |
_aSunday Times _v3 8 May 1994, 11(1) |
||
| 520 | _aThe UK property market for HongKong purchasers is on the upturn again. | ||
| 650 | _aFIRST PACIFIC DAVIES | ||
| 650 | _aHILL SAMUEL PACIFIC | ||
| 650 | _aHONG KONG | ||
| 650 | _aHOUSING MARKET | ||
| 690 | _aPROPERTY-RESIDENTIAL PROPERTY-RESIDENTIAL PROPERTY MARKET | ||
| 690 | _aOVERSEAS-REST OF THE WORLD | ||
| 942 | _n0 | ||
| 948 | _c04/03/1997 | ||
| 999 |
_c29861 _d29861 |
||